LEADER 01118nam0 22002771i 450 001 UON00203108 005 20231205103301.812 010 $a88-263-1138-2 100 $a20030730d1996 |0itac50 ba 101 $aita 102 $aIT 105 $a|||| ||||| 200 1 $a Manuale di ricerca per le scienze sociali$fRaymond Quivy$gLuc Van Campenhoudt 210 $aRoma$cBorla$d1996. 272 p. ; 21 cm. 410 1$1001UON00173784$12001 $a Metodologia delle scienze del comportamento$fCollana diretta da Arrigo Pedon. 606 $aSociologia$xMetodologia$3UONC020965$2FI 620 $aIT$dRoma$3UONL000004 700 1$aQuivy$bRaymond$3UONV121530$0469332 701 1$aVan Campenhoudt$bLuc$3UONV121531$0680735 712 $aBorla$3UONV247077$4650 801 $aIT$bSOL$c20250912$gRICA 899 $aSIBA - SISTEMA BIBLIOTECARIO DI ATENEO$2UONSI 912 $aUON00203108 950 $aSIBA - SISTEMA BIBLIOTECARIO DI ATENEO$dSI A A 0472 $eSI SC 31208 5 0472 996 $aManuale di ricerca per le scienze sociali$91255847 997 $aUNIOR